000 00347nam a2200133Ia 4500
005 20260326100038.0
008 260326s9999||||xx |||||||||||||| ||und||
100 _aBottari ,Francesca
245 0 _aGian Lorenzo Bernini :
_b Escultor y Roma /
_cFrancesca Bottari
260 _bArtemide Edizione
300 _a163 p.
650 _aARTE
942 _cBK
999 _c6907
_d6907